| 000 | 00668cab a2200241 4500 | ||
|---|---|---|---|
| 001 | WB3035-15 | ||
| 008 | 090401t1994 xxu||||| |||| 00| 0 eng d | ||
| 035 | _a(Sirsi) u52788 | ||
| 041 | _aeng | ||
| 245 | _aDevelopers in the driving seat | ||
| 260 | _c1994 | ||
| 350 | _a0 | ||
| 490 |
_aIndependent _v22 September 1994, 34(1) |
||
| 520 | _aArchaeologists want the DTp to take more account of archaeological sites in planning new roads. | ||
| 650 | _aARCHAEOLOGICAL SITES | ||
| 650 | _aARCHAEOLOGY | ||
| 650 | _aCOSTS | ||
| 650 | _aROADBUILDING | ||
| 690 | _aCONSERVATION | ||
| 690 | _aTRANSPORT AND COMMUNICATIONS | ||
| 942 | _n0 | ||
| 948 | _c04/03/1997 | ||
| 999 |
_c32601 _d32601 |
||